[Event "Medellin Sub zt 2.3.2"]
[Site "Medellin"]
[Date "2025.04.19"]
[Round "9"]
[White "Gonzalez Bolivar, Juan Jose"]
[Black "Cano Ruiz, Edgar Alonso"]
[Result "1/2-1/2"]
[WhiteElo "1954"]
[BlackElo "1671"]
[PlyCount "39"]
[EventDate "2025.04.14"]
[EventType "swiss"]
[EventRounds "9"]
[EventCountry "COL"]
[SourceTitle "CB18_2025"]
[SourceDate "2025.04.30"]
[SourceVersion "1"]
[SourceVersionDate "2025.04.30"]
[SourceQuality "1"]

1. e4 c6 2. d4 d5 3. e5 Bf5 4. c4 e6 5. Nc3 Bb4 6. Qb3 Bxc3+ 7. bxc3 Qc7 8. Ba3 Ne7 9. Bd6 Qb6 10. c5 Qxb3 11. axb3 Nd7 12. Bxe7 Kxe7 13. b4 b6 14. Ba6 Rhb8 15. Ne2 bxc5 16. bxc5 Rb2 17. Ng3 Bg6 18. 0-0 Rab8 19. Be2 R8b7 20. Ra5 1/2-1/2

[Event "Medellin Sub zt 2.3.2"]
[Site "Medellin"]
[Date "2025.04.16"]
[Round "5"]
[White "Gonzalez Bolivar, Juan Jose"]
[Black "Paula Valerio, Aarony Miguel"]
[Result "1-0"]
[WhiteElo "1954"]
[BlackElo "1727"]
[PlyCount "121"]
[EventDate "2025.04.14"]
[EventType "swiss"]
[EventRounds "9"]
[EventCountry "COL"]
[SourceTitle "CB18_2025"]
[SourceDate "2025.04.30"]
[SourceVersion "1"]
[SourceVersionDate "2025.04.30"]
[SourceQuality "1"]

1. e4 c6 2. d4 d5 3. e5 Bf5 4. g4 Bg6 5. h4 h5 6. e6 hxg4 7. Qxg4 Nf6 8. exf7+ Bxf7 9. Qd1 Nbd7 10. Nf3 Bh5 11. Be2 Bxf3 12. Bxf3 Qc7 13. Bg5 0-0-0 14. Bg4 Kb8 15. Nd2 e5 16. Nb3 exd4 17. Nxd4 Qe5+ 18. Be2 Re8 19. Qd2 Bd6 20. 0-0-0 Ne4 21. f4 Qxg5 22. fxg5 Nxd2 23. Kxd2 Bf4+ 24. Ke1 Bxg5 25. Nf3 Bf4 26. Rd4 g5 27. Kd1 Nc5 28. Rf1 Ne4 29. hxg5 Ng3 30. Rxf4 Nxe2 31. Rg4 Rhf8 32. g6 c5 33. g7 Rg8 34. Rf2 Nd4 35. Nxd4 cxd4 36. Rf7 a6 37. Rgf4 Ka7 38. Rf8 Rxg7 39. Rxe8 Rg1+ 40. Re1 Rg5 41. Ref1 d3 42. cxd3 Rg2 43. Rb4 a5 44. Rb5 Ka6 45. a4 Rg4 46. Rf6+ b6 47. Rbxb6+ Ka7 48. Rbd6 Rg7 49. Rxd5 Rc7 50. Rxa5+ Kb7 51. Rg5 Ka7 52. b4 Kb7 53. b5 Rd7 54. Kd2 Rd8 55. a5 Kc7 56. Rg7+ Kb8 57. a6 Ka8 58. b6 Kb8 59. Rfg6 Re8 60. Rg8 Rc8 61. R6g7 1-0

[Event "COL-ch U18"]
[Site "Bucaramanga"]
[Date "2025.04.05"]
[Round "5"]
[White "Madrigal Montagutt, Anthony Steve"]
[Black "Gonzalez Bolivar, Juan Jose"]
[Result "0-1"]
[WhiteElo "1951"]
[BlackElo "1954"]
[PlyCount "132"]
[EventDate "2025.04.03"]
[EventType "swiss"]
[EventRounds "7"]
[EventCountry "COL"]
[SourceTitle "CB15_2025"]
[SourceDate "2025.04.09"]
[SourceVersion "1"]
[SourceVersionDate "2025.04.09"]
[SourceQuality "1"]

1. e4 e5 2. Nf3 Nc6 3. Bb5 a6 4. Ba4 Nf6 5. Bxc6 dxc6 6. d3 Bd6 7. 0-0 c5 8. Nbd2 0-0 9. Nc4 Qe7 10. b3 Bg4 11. Ne3 Be6 12. Bb2 Nd7 13. Re1 Rae8 14. Qe2 h6 15. Rad1 Qf6 16. Nd2 g5 17. Ndf1 Nb8 18. Ng3 Nc6 19. c3 Qg6 20. h3 Ne7 21. Qf3 b6 22. Nef5 f6 23. Re3 Bxf5 24. Nxf5 Nxf5 25. Qxf5 Qxf5 26. exf5 Rd8 27. g4 Rd7 28. Kg2 Rfd8 29. Bc1 c6 30. Kf3 c4 31. dxc4 Bc5 32. Rxd7 Rxd7 33. Re2 Rd3+ 34. Be3 Rxc3 35. Ke4 Kf7 36. Bxc5 bxc5 37. f3 Rc1 38. Rh2 Re1+ 39. Kd3 Rd1+ 40. Ke3 Re1+ 41. Kf2 Rd1 42. Kg3 Rd3 43. h4 e4 44. hxg5 Rxf3+ 45. Kg2 hxg5 46. Rh7+ Kf8 47. Ra7 Rf4 48. Rxa6 Rxg4+ 49. Kf2 Rf4+ 50. Ke3 Rxf5 51. Rxc6 Rf1 52. Ke2 Rf4 53. a4 Rf3 54. Rb6 g4 55. a5 g3 56. a6 Kf7 57. a7 Rf2+ 58. Ke1 Ra2 59. Rb7+ Kg6 60. Kf1 Kf5 61. Rf7 e3 62. Re7 Kf4 63. Rf7 f5 64. Kg1 e2 65. Re7 Kf3 66. Rxe2 Kxe2 0-1

[Event "COL-ch U18"]
[Site "Bucaramanga"]
[Date "2025.04.03"]
[Round "1"]
[White "Ortega Rueda, Nicolas"]
[Black "Gonzalez Bolivar, Juan Jose"]
[Result "0-1"]
[WhiteElo "1607"]
[BlackElo "1954"]
[PlyCount "170"]
[EventDate "2025.04.03"]
[EventType "swiss"]
[EventRounds "7"]
[EventCountry "COL"]
[SourceTitle "CB15_2025"]
[SourceDate "2025.04.09"]
[SourceVersion "1"]
[SourceVersionDate "2025.04.09"]
[SourceQuality "1"]

1. d4 Nf6 2. Bf4 d5 3. e3 e6 4. Nf3 Bd6 5. c3 Ne4 6. Nbd2 Bxf4 7. exf4 Nd6 8. Bd3 Nd7 9. Qe2 Qf6 10. g3 c5 11. 0-0 cxd4 12. Nxd4 0-0 13. N2f3 Nc5 14. Bc2 b6 15. Qe5 Qxe5 16. Nxe5 Ba6 17. Rfe1 Rac8 18. Rac1 Rfe8 19. Nec6 Rc7 20. Nb4 Bb7 21. Nd3 Nc4 22. Nb5 Rd7 23. Ne5 Nxe5 24. fxe5 Ba6 25. Nd4 Rc8 26. f4 g6 27. Re3 h5 28. Kf2 Rdc7 29. Ke1 Kg7 30. Kd2 Nd7 31. a4 Nb8 32. h3 Nc6 33. Nxc6 Rxc6 34. Bd3 d4 35. Rf3 Bb7 36. Be4 dxc3+ 37. bxc3 R6c7 38. Bxb7 Rxb7 39. c4 Rc5 40. Rfc3 Rbc7 41. Kd3 Rd7+ 42. Ke3 Rdc7 43. Kd3 R7c6 44. Rb1 Ra5 45. Ra1 a6 46. Rca3 Rac5 47. Rc3 b5 48. axb5 axb5 49. Rac1 bxc4+ 50. Rxc4 Rd5+ 51. Ke3 Ra6 52. Rc6 Raa5 53. R1c2 Rd1 54. Kf3 Rd3+ 55. Kg2 Raa3 56. g4 Rg3+ 57. Kf2 Raf3+ 58. Ke2 hxg4 59. hxg4 Rxf4 60. R6c4 Rgxg4 61. Rxf4 Rxf4 62. Ke3 g5 63. Rc7 Kg6 64. Re7 Rf5 65. Ke4 g4 66. Re8 Kg7 67. Ra8 g3 68. Ra3 Rg5 69. Ra1 g2 70. Rg1 Kg6 71. Kf4 Kh5 72. Kf3 Kh4 73. Rxg2 Rxg2 74. Kxg2 Kg4 75. Kf2 Kf4 76. Ke2 Kxe5 77. Ke3 f5 78. Kf3 Kd4 79. Kf4 e5+ 80. Kxf5 e4 81. Kf4 Kd3 82. Kg3 e3 83. Kf3 Kd2 84. Kg2 e2 85. Kf3 e1Q 0-1

[Event "COL-ch U20"]
[Site "Bogota"]
[Date "2025.02.02"]
[Round "9"]
[White "Gonzalez Bolivar, Juan Jose"]
[Black "Rivera Robayo, Juan Jose"]
[Result "1-0"]
[WhiteElo "1997"]
[BlackElo "1655"]
[PlyCount "103"]
[EventDate "2025.01.29"]
[EventType "tourn"]
[EventRounds "9"]
[EventCountry "COL"]
[SourceTitle "CB06_2025"]
[SourceDate "2025.02.05"]
[SourceVersion "1"]
[SourceVersionDate "2025.02.05"]
[SourceQuality "1"]

1. e4 c6 2. d4 d5 3. e5 Bf5 4. Bd3 Bxd3 5. Qxd3 e6 6. c3 c5 7. Ne2 h5 8. Be3 Nc6 9. f4 c4 10. Qc2 Nh6 11. Nd2 Ng4 12. Nf1 b5 13. h3 Nh6 14. g4 Qd7 15. Neg3 h4 16. Ne2 b4 17. Bf2 Be7 18. Ne3 g6 19. Ng1 Rb8 20. Nf3 Qb7 21. 0-0 Qd7 22. Kg2 a5 23. Rh1 Qd8 24. Qa4 Qd7 25. Qc2 Qd8 26. Rae1 b3 27. axb3 Rxb3 28. g5 Nf5 29. Nxf5 gxf5 30. Nxh4 Qb6 31. Re2 Kd7 32. Ra1 Qd8 33. Nf3 Qb6 34. h4 Bf8 35. Rh1 Rh5 36. Nd2 Rb5 37. Nf1 Ne7 38. Ng3 Rh8 39. h5 Qb7 40. Kf3 Rb3 41. Ra1 Nc6 42. h6 Qb6 43. Nxf5 Nb4 44. Qb1 exf5 45. Qxf5+ Qe6 46. Qxe6+ Kxe6 47. Rxa5 Nd3 48. Ra7 Bxh6 49. gxh6 Nxb2 50. Bh4 Rxc3+ 51. Kg4 Rg8+ 52. Bg5 1-0

[Event "COL-ch U20"]
[Site "Bogota"]
[Date "2025.02.01"]
[Round "6"]
[White "Gutierrez Pama, Andres Mauricio"]
[Black "Gonzalez Bolivar, Juan Jose"]
[Result "0-1"]
[WhiteElo "1729"]
[BlackElo "1997"]
[PlyCount "134"]
[EventDate "2025.01.29"]
[EventType "tourn"]
[EventRounds "9"]
[EventCountry "COL"]
[SourceTitle "CB06_2025"]
[SourceDate "2025.02.05"]
[SourceVersion "1"]
[SourceVersionDate "2025.02.05"]
[SourceQuality "1"]

1. e4 e5 2. Nf3 Nc6 3. d4 exd4 4. Nxd4 Nf6 5. Nc3 Bb4 6. Nxc6 bxc6 7. Bd3 0-0 8. 0-0 Re8 9. Re1 d5 10. exd5 cxd5 11. Rxe8+ Qxe8 12. Bg5 Bxc3 13. bxc3 Qe5 14. Qd2 Bb7 15. Rb1 Bc6 16. Bf4 Qe7 17. Re1 Qd7 18. Be5 Ng4 19. Bg3 Nf6 20. Bh4 Re8 21. Bxf6 Rxe1+ 22. Qxe1 gxf6 23. h3 Qe6 24. Qd2 Kg7 25. f4 d4 26. cxd4 Qxa2 27. Qf2 a5 28. f5 Qd5 29. c4 Qd6 30. d5 Bd7 31. Qd4 c5 32. Qg4+ Kf8 33. Qd1 Qe5 34. Qb1 a4 35. Kh1 Kg7 36. Bc2 a3 37. Qb3 Qe1+ 38. Kh2 Qe5+ 39. Kh1 Qb2 40. g4 Ba4 41. Qxb2 axb2 42. Bb1 Bb3 43. Kg1 Bxc4 44. d6 Kf8 45. Kf2 Ke8 46. Ke3 Bf1 47. h4 h6 48. Kf2 Bc4 49. Ke3 Kd7 50. Kd2 Kxd6 51. Kc3 Be2 52. Kxb2 Bxg4 53. Kc3 Ke5 54. Ba2 Bxf5 55. Bxf7 Be6 56. Be8 Kf4 57. Kd3 f5 58. h5 Kg3 59. Ke2 f4 60. Bb5 Bg4+ 61. Kf1 f3 62. Bc4 Bh3+ 63. Ke1 f2+ 64. Kd2 f1Q 65. Bxf1 Bxf1 66. Ke3 c4 67. Kd4 Kf3 0-1

[Event "Wch U14"]
[Site "Florianopolis"]
[Date "2024.10.31"]
[Round "3"]
[White "Duong, Vu Anh"]
[Black "Gonzalez Bolivar, Juan Jose"]
[Result "1/2-1/2"]
[WhiteElo "2083"]
[BlackElo "1954"]
[PlyCount "51"]
[EventDate "2024.10.29"]
[EventType "swiss"]
[EventRounds "11"]
[EventCountry "BRA"]
[SourceTitle "CB45_2024"]
[Source "ChessBase"]
[SourceDate "2024.11.06"]
[SourceVersion "1"]
[SourceVersionDate "2024.11.06"]
[SourceQuality "1"]

1. c4 Nf6 2. Nc3 e6 3. e4 d5 4. e5 d4 5. exf6 dxc3 6. bxc3 Qxf6 7. Nf3 b6 8. d4 Bb7 9. Bd3 h6 10. 0-0 Bd6 11. Re1 Bxf3 12. Qxf3 Qxf3 13. gxf3 Nd7 14. a4 0-0 15. a5 Nf6 16. Be3 Rfd8 17. f4 c5 18. Reb1 bxa5 19. Rxa5 cxd4 20. cxd4 Bxf4 21. Be2 Bc7 22. Ra6 Rab8 23. Rd1 Rd7 24. d5 exd5 25. Rxa7 d4 26. Rxc7 1/2-1/2

[Event "Wch U14"]
[Site "Florianopolis"]
[Date "2024.10.30"]
[Round "2"]
[White "Gonzalez Bolivar, Juan Jose"]
[Black "Nandwani Narwani, Suraj Sriram"]
[Result "1-0"]
[WhiteElo "1954"]
[BlackElo "1602"]
[PlyCount "153"]
[EventDate "2024.10.29"]
[EventType "swiss"]
[EventRounds "11"]
[EventCountry "BRA"]
[SourceTitle "CB45_2024"]
[Source "ChessBase"]
[SourceDate "2024.11.06"]
[SourceVersion "1"]
[SourceVersionDate "2024.11.06"]
[SourceQuality "1"]

1. e4 e6 2. c4 d5 3. exd5 exd5 4. d4 Nf6 5. Nc3 Bb4 6. Nf3 0-0 7. Be3 Be6 8. c5 Re8 9. Bd3 b6 10. cxb6 Bxc3+ 11. bxc3 cxb6 12. 0-0 Bg4 13. h3 Bh5 14. Bg5 Bg6 15. Bb5 Re6 16. Ne5 Qc8 17. Nxg6 hxg6 18. Bxf6 Rxf6 19. Qb3 Rd6 20. Rfe1 Nc6 21. Re3 a6 22. Bxc6 Qxc6 23. Rae1 Rc8 24. Qa3 b5 25. Re7 Rf6 26. R1e3 Qd6 27. Re8+ Rxe8 28. Rxe8+ Kh7 29. Qxd6 Rxd6 30. Rc8 g5 31. f3 Kg6 32. Kf2 f5 33. g4 f4 34. Rc7 Kf6 35. a3 Kg6 36. Kg2 Kf6 37. Kf1 Kg6 38. Kf2 Kf6 39. Kg2 Kg6 40. h4 gxh4 41. Kh3 Kh6 42. Kxh4 g5+ 43. Kh3 Kg6 44. Kg2 Kf6 45. Kf2 Kg6 46. Ke2 Re6+ 47. Kd2 Rd6 48. Kc2 Kf6 49. Kb3 Kg6 50. Re7 Kf6 51. Re5 Rd7 52. Kb4 Rd8 53. Rf5+ Kg6 54. Re5 Kf6 55. Kb3 Rd6 56. Rf5+ Kg6 57. Rf8 Re6 58. Rd8 Re3 59. Rd6+ Kf7 60. Rxd5 Kf6 61. Rd6+ Kf7 62. Rd7+ Kf6 63. Ra7 Rxf3 64. Rxa6+ Kf7 65. Rb6 Rf1 66. Kc2 Rg1 67. Rxb5 Rxg4 68. a4 Ke6 69. a5 f3 70. Kd2 Rf4 71. Ke1 g4 72. Kf1 Kf6 73. a6 g3 74. Rb7 Kg5 75. a7 Rf8 76. Rb8 g2+ 77. Kf2 1-0

[Event "Wch U14"]
[Site "Florianopolis"]
[Date "2024.10.29"]
[Round "1"]
[White "Johansson, Emanuel"]
[Black "Gonzalez Bolivar, Juan Jose"]
[Result "1/2-1/2"]
[WhiteElo "1538"]
[BlackElo "1954"]
[PlyCount "140"]
[EventDate "2024.10.29"]
[EventType "swiss"]
[EventRounds "11"]
[EventCountry "BRA"]
[SourceTitle "CB45_2024"]
[Source "ChessBase"]
[SourceDate "2024.11.06"]
[SourceVersion "1"]
[SourceVersionDate "2024.11.06"]
[SourceQuality "1"]

1. e4 e5 2. Nf3 Nc6 3. Bc4 Bc5 4. d3 Nf6 5. c3 d6 6. Nbd2 a6 7. b4 Ba7 8. h3 0-0 9. 0-0 d5 10. Bb3 Re8 11. Qe2 d4 12. cxd4 Bxd4 13. Nxd4 Nxd4 14. Qe3 Be6 15. Bd1 a5 16. bxa5 Rxa5 17. a3 c5 18. Bb2 b6 19. Bxd4 exd4 20. Qg3 Qe7 21. f4 b5 22. e5 Nd5 23. f5 Bd7 24. f6 Qf8 25. Bb3 Be6 26. Ne4 g6 27. Bxd5 Bxd5 28. Nd6 Rea8 29. Nf5 Be6 30. Ng7 R8a6 31. Qg5 c4 32. Qh6 b4 33. Rf4 Rxe5 34. Rh4 Rh5 35. Rxh5 gxh5 36. Qg5 Kh8 37. Nxe6 Rxe6 38. axb4 h6 39. Qd5 cxd3 40. Qxd4 Qd6 41. Qxd6 Rxd6 42. Kf2 Rxf6+ 43. Ke3 Rg6 44. Ra2 Rg3+ 45. Kf2 h4 46. b5 Rg5 47. Rb2 d2 48. Rxd2 Rxb5 49. Rd4 Rh5 50. Kf3 Kg7 51. Rd6 Rf5+ 52. Kg4 Rg5+ 53. Kf3 f6 54. Rd4 Rh5 55. Rg4+ Kf7 56. Rf4 Kg6 57. Rg4+ Kh7 58. Rf4 Kg7 59. Rg4+ Kf7 60. Ra4 Rf5+ 61. Ke2 Rh5 62. Kf3 Ke6 63. Ra6+ Kf5 64. Ra5+ Kg6 65. Rxh5 Kxh5 66. Kf4 Kg6 67. Kg4 h5+ 68. Kxh4 f5 69. Kg3 Kg5 70. h4+ Kg6 1/2-1/2

[Event "Bucaramanga Santander-chT"]
[Site "Bucaramanga"]
[Date "2024.08.17"]
[Round "1.1"]
[White "Gonzalez Bolivar, Juan Jose"]
[Black "Gonzalez Suarez, Nelson"]
[Result "1-0"]
[WhiteElo "1934"]
[BlackElo "1660"]
[PlyCount "51"]
[EventDate "2024.08.17"]
[EventType "team-swiss"]
[EventRounds "6"]
[EventCountry "COL"]
[SourceTitle "EXT 2025"]
[Source "ChessBase"]
[SourceDate "2024.10.14"]
[SourceVersion "1"]
[SourceVersionDate "2024.10.14"]
[SourceQuality "1"]
[WhiteTeam "Magimatasanos"]
[BlackTeam "Grandmasters"]
[WhiteTeamCountry "COL"]
[BlackTeamCountry "COL"]

1. e4 e5 2. Nf3 Nc6 3. Bc4 Bc5 4. d3 d6 5. Nc3 Bg4 6. h3 Bxf3 7. Qxf3 Nf6 8. Bg5 Nd4 9. Qd1 c6 10. Bb3 Bb4 11. 0-0 Bxc3 12. bxc3 Nxb3 13. cxb3 0-0 14. f4 Qb6+ 15. Kh1 Qe3 16. Rf3 Qc5 17. fxe5 Qxe5 18. Bxf6 gxf6 19. Qe1 Rae8 20. Rf5 Qe6 21. Qf2 d5 22. exd5 cxd5 23. Rf1 Qc6 24. Rxf6 Qxc3 25. Rxf7 Qb4 26. Qg3+ 1-0

[Event "American Continental Rapid 18th"]
[Site "Medellin"]
[Date "2024.06.01"]
[Round "4"]
[White "Gonzalez Bolivar, Juan Jose"]
[Black "Casas Mejia, Santiago"]
[Result "1-0"]
[WhiteElo "1898"]
[BlackElo "1476"]
[PlyCount "49"]
[EventDate "2024.06.01"]
[EventType "swiss (rapid)"]
[EventRounds "9"]
[EventCountry "COL"]
[SourceTitle "CBM 220 Extra"]
[Source "ChessBase"]
[SourceDate "2024.07.31"]
[SourceVersion "1"]
[SourceVersionDate "2024.07.31"]
[SourceQuality "1"]

1. e4 c5 2. Nf3 Nc6 3. Bc4 e6 4. d3 Nf6 5. Bb3 Be7 6. c3 0-0 7. 0-0 Qc7 8. Re1 d5 9. e5 Nd7 10. d4 c4 11. Bc2 b6 12. Bf4 Bb7 13. Nbd2 Qc8 14. Nf1 f6 15. Bg3 fxe5 16. Nxe5 Ndxe5 17. Bxe5 Qe8 18. Qg4 Qf7 19. f3 Nxe5 20. Rxe5 h5 21. Rxh5 Bd6 22. Bh7+ Kh8 23. Bg6+ Kg8 24. Rh8+ Kxh8 25. Qh5+ 1-0

[Event "American Continental Rapid 18th"]
[Site "Medellin"]
[Date "2024.06.01"]
[Round "8"]
[White "Gonzalez Bolivar, Juan Jose"]
[Black "Hernandez Guarin, Samuel Andres"]
[Result "0-1"]
[WhiteElo "1898"]
[BlackElo "1755"]
[PlyCount "60"]
[EventDate "2024.06.01"]
[EventType "swiss (rapid)"]
[EventRounds "9"]
[EventCountry "COL"]
[SourceTitle "CBM 220 Extra"]
[Source "ChessBase"]
[SourceDate "2024.07.31"]
[SourceVersion "1"]
[SourceVersionDate "2024.07.31"]
[SourceQuality "1"]

1. e4 e5 2. Nf3 Nc6 3. Bc4 Bc5 4. d3 d6 5. Nc3 Nf6 6. h3 h6 7. a3 Be6 8. Nd5 0-0 9. g4 Bxd5 10. exd5 Ne7 11. g5 Nfxd5 12. gxh6 g6 13. h7+ Kxh7 14. Ng5+ Kg7 15. Qg4 Nf6 16. Qh4 Nf5 17. Ne6+ fxe6 18. Qg5 Nd5 19. Qg4 Qh4 20. Qg2 Nfe3 21. Bxe3 Nxe3 22. Qh2 Rxf2 23. Qxf2 Nxc2+ 24. Kd2 Qxf2+ 25. Kc3 Nxa1 26. Rxa1 Bd4+ 27. Kb4 Qxb2+ 28. Bb3 Qc3+ 29. Ka4 Qc6+ 30. Kb4 Bc3# 0-1

[Event "American Continental Rapid 18th"]
[Site "Medellin"]
[Date "2024.06.01"]
[Round "2"]
[White "Gonzalez Bolivar, Juan Jose"]
[Black "Londono Villa, Maximiliano"]
[Result "1-0"]
[WhiteElo "1898"]
[BlackElo "1604"]
[PlyCount "73"]
[EventDate "2024.06.01"]
[EventType "swiss (rapid)"]
[EventRounds "9"]
[EventCountry "COL"]
[SourceTitle "CBM 220 Extra"]
[Source "ChessBase"]
[SourceDate "2024.07.31"]
[SourceVersion "1"]
[SourceVersionDate "2024.07.31"]
[SourceQuality "1"]

1. e4 e5 2. Nf3 Nc6 3. Bc4 Bc5 4. d3 Nf6 5. Nc3 h6 6. h3 d6 7. a3 0-0 8. g4 Nd4 9. Be3 Be6 10. g5 hxg5 11. Bxg5 Re8 12. Rg1 Kf8 13. Bxe6 Rxe6 14. Nxd4 Bxd4 15. Qd2 Ke8 16. 0-0-0 Kd7 17. Rg2 Qh8 18. h4 Rae8 19. Ne2 Bb6 20. Rf1 d5 21. f4 exf4 22. Nxf4 Re5 23. Kb1 d4 24. Bxf6 gxf6 25. Nd5 R8e6 26. Rgf2 Qxh4 27. Nxf6+ Ke7 28. Nd5+ Ke8 29. Rxf7 Kd8 30. Nf4 Rf6 31. Rxf6 Qxf6 32. Qg2 Re8 33. Nd5 Qh8 34. Qg5+ Kc8 35. Nf6 Rf8 36. Qf5+ Kb8 37. Nd7+ 1-0

[Event "American Continental Rapid 18th"]
[Site "Medellin"]
[Date "2024.06.01"]
[Round "5"]
[White "Silva Alvarez, Matias"]
[Black "Gonzalez Bolivar, Juan Jose"]
[Result "0-1"]
[WhiteElo "1556"]
[BlackElo "1898"]
[PlyCount "131"]
[EventDate "2024.06.01"]
[EventType "swiss (rapid)"]
[EventRounds "9"]
[EventCountry "COL"]
[SourceTitle "CBM 220 Extra"]
[Source "ChessBase"]
[SourceDate "2024.07.31"]
[SourceVersion "1"]
[SourceVersionDate "2024.07.31"]
[SourceQuality "1"]

1. e4 e5 2. Nf3 Nc6 3. Bb5 a6 4. Ba4 Nf6 5. 0-0 b5 6. Bb3 d6 7. h3 Na5 8. Re1 Bb7 9. d3 Be7 10. Be3 0-0 11. Qd2 Nxb3 12. axb3 c6 13. Nc3 Qc7 14. d4 Rad8 15. Qe2 exd4 16. Nxd4 g6 17. Bf4 Rfe8 18. Nf3 Bf8 19. Bg5 Bg7 20. Rad1 c5 21. Qe3 Re6 22. Nd2 Rde8 23. Qd3 b4 24. Bxf6 Bxf6 25. Nd5 Bxd5 26. Qxd5 Bxb2 27. Nc4 Bd4 28. Nd2 Re5 29. Qc4 Bc3 30. Re2 Bd4 31. Nf3 d5 32. Qxa6 Rxe4 33. Rxe4 Rxe4 34. Nxd4 Rxd4 35. Rxd4 cxd4 36. Qd3 Qc3 37. Kh2 f5 38. Qb5 Qc7+ 39. Kg1 Qd6 40. Qd3 Qc5 41. Kf1 Kf7 42. Qe2 Kf6 43. f4 Qc7 44. Qd2 Qc3 45. Qe2 Qe3 46. Qa6+ Kg7 47. Qb7+ Kh6 48. Qxd5 Qxf4+ 49. Kg1 Qc1+ 50. Kh2 Qxc2 51. Qxd4 Qxb3 52. Qf4+ Kh5 53. g4+ fxg4 54. Qxg4+ Kh6 55. Qf4+ g5 56. Qf6+ Kh5 57. Qf2 Qd5 58. Qe2+ Kg6 59. Qb2 Qd6+ 60. Kg2 Qd5+ 61. Kh2 b3 62. Qb1+ Kh6 63. Kg3 Qe5+ 64. Kg2 Qe2+ 65. Kg3 b2 66. Qd1 0-1

[Event "American Continental Blitz 18th"]
[Site "Medellin"]
[Date "2024.05.29"]
[Round "5"]
[White "Ciro, Jose Daniel"]
[Black "Gonzalez Bolivar, Juan Jose"]
[Result "1-0"]
[WhiteElo "1800"]
[BlackElo "1883"]
[PlyCount "129"]
[EventDate "2024.05.29"]
[EventType "swiss (blitz)"]
[EventRounds "9"]
[EventCountry "COL"]
[SourceTitle "CBM 220 Extra"]
[Source "ChessBase"]
[SourceDate "2024.07.31"]
[SourceVersion "1"]
[SourceVersionDate "2024.07.31"]
[SourceQuality "1"]

1. d4 Nf6 2. c4 e6 3. Nc3 Bb4 4. Qc2 d5 5. a3 Be7 6. cxd5 exd5 7. Bf4 c6 8. e3 Bg4 9. Be2 Bxe2 10. Ngxe2 Nbd7 11. 0-0 0-0 12. b4 Rc8 13. h3 Nb6 14. Na4 Nc4 15. Nb2 Nd6 16. Rac1 Nh5 17. Bh2 f5 18. Nf4 Nxf4 19. Bxf4 Bg5 20. Bxd6 Qxd6 21. Nd3 f4 22. exf4 Bxf4 23. Nxf4 Qxf4 24. Qd3 Rce8 25. b5 Re6 26. bxc6 bxc6 27. Qg3 Qxd4 28. Qc7 Re2 29. Qxc6 Rexf2 30. Rxf2 Qxf2+ 31. Kh1 Qd2 32. Qe6+ Kh8 33. Rc8 Qd1+ 34. Kh2 Qf1 35. Rxf8+ Qxf8 36. Qxd5 h6 37. Qd3 Qb8+ 38. Qg3 Qb5 39. Qc3 a5 40. Qc8+ Kh7 41. Qc2+ g6 42. Qc7+ Kg8 43. Qd8+ Kg7 44. Qe7+ Kg8 45. Qe6+ Kg7 46. Qe7+ Kh8 47. Qf8+ Kh7 48. Qf7+ Kh8 49. Qxg6 Qe5+ 50. Qg3 Qe7 51. Qc3+ Kh7 52. Qxa5 Qd7 53. Qe5 Kg6 54. Qg3+ Kh7 55. Qe5 Kg6 56. h4 Kh7 57. h5 Qb7 58. Qf5+ Kh8 59. Qf6+ Kg8 60. Qg6+ Kf8 61. Qxh6+ Ke8 62. Qh8+ Kd7 63. Qg7+ Kc6 64. Qxb7+ Kxb7 65. h6 1-0

[Event "American Continental Blitz 18th"]
[Site "Medellin"]
[Date "2024.05.29"]
[Round "4"]
[White "Gonzalez Bolivar, Juan Jose"]
[Black "Gonzalez Lopez, Nicolas Mateo"]
[Result "0-1"]
[WhiteElo "1883"]
[BlackElo "2220"]
[PlyCount "66"]
[EventDate "2024.05.29"]
[EventType "swiss (blitz)"]
[EventRounds "9"]
[EventCountry "COL"]
[SourceTitle "CBM 220 Extra"]
[Source "ChessBase"]
[SourceDate "2024.07.31"]
[SourceVersion "1"]
[SourceVersionDate "2024.07.31"]
[SourceQuality "1"]

1. e4 c6 2. c4 d5 3. exd5 cxd5 4. cxd5 Nf6 5. Bb5+ Nbd7 6. Nc3 g6 7. d4 Bg7 8. Nge2 0-0 9. d6 exd6 10. 0-0 a6 11. Ba4 b5 12. Bc2 Bb7 13. Ng3 Rc8 14. Bf4 Nb6 15. Rc1 Nc4 16. Rb1 Nxb2 17. Rxb2 Rxc3 18. a4 Qd7 19. axb5 axb5 20. Bd3 b4 21. Be2 Nd5 22. Bd2 Rfc8 23. Ne4 R3c7 24. Bf3 Nc3 25. Nxc3 bxc3 26. Rxb7 Rxb7 27. Bxb7 Qxb7 28. Be3 c2 29. Qd2 Qb3 30. Rc1 d5 31. Qe2 h5 32. Qf3 Qd3 33. Qh3 Qd1+ 0-1

[Event "American Continental Blitz 18th"]
[Site "Medellin"]
[Date "2024.05.29"]
[Round "2"]
[White "Gonzalez Bolivar, Juan Jose"]
[Black "Noboa Silva, Kevin Omar"]
[Result "0-1"]
[WhiteElo "1883"]
[BlackElo "2267"]
[PlyCount "160"]
[EventDate "2024.05.29"]
[EventType "swiss (blitz)"]
[EventRounds "9"]
[EventCountry "COL"]
[SourceTitle "CBM 220 Extra"]
[Source "ChessBase"]
[SourceDate "2024.07.31"]
[SourceVersion "1"]
[SourceVersionDate "2024.07.31"]
[SourceQuality "1"]

1. e4 e6 2. c4 d5 3. exd5 exd5 4. cxd5 Nf6 5. Bb5+ Nbd7 6. Nc3 Be7 7. d4 0-0 8. Nge2 Nb6 9. 0-0 Nbxd5 10. Bg5 c6 11. Bc4 Be6 12. Nxd5 Bxd5 13. Bd3 h6 14. Bh4 Qc7 15. Re1 Rfe8 16. Nc3 Be6 17. Rc1 Rad8 18. b3 Qf4 19. Bg3 Qxd4 20. Be2 Qxd1 21. Bxd1 Bb4 22. Bf3 Bg4 23. Rxe8+ Rxe8 24. Bxg4 Nxg4 25. h3 Nf6 26. Na4 Ne4 27. Nb2 Nxg3 28. fxg3 Re2 29. Nd3 Bd6 30. a4 Bxg3 31. Nc5 Bf4 32. Rc4 Be3+ 33. Kh1 Bxc5 34. Rxc5 Rb2 35. Rc3 f5 36. Rd3 Kh7 37. Kh2 Kg6 38. Kg3 Kf6 39. Kf3 Ke5 40. h4 g5 41. hxg5 hxg5 42. g3 a5 43. g4 fxg4+ 44. Kxg4 Ke4 45. Rc3 Rg2+ 46. Kh3 Rb2 47. Kg4 Kd4 48. Rf3 Kc5 49. Kxg5 b5 50. Rc3+ Kb6 51. Kf5 bxa4 52. bxa4 Rb4 53. Ra3 Kc5 54. Rc3+ Kd5 55. Ra3 c5 56. Ra1 Rd4 57. Kf6 c4 58. Kf5 c3 59. Rc1 Kc4 60. Ke5 Rd8 61. Ke4 Kb3 62. Rb1+ Kc2 63. Rb5 Kd1 64. Rb1+ Kd2 65. Rh1 c2 66. Rh2+ Kc3 67. Rh3+ Kb2 68. Rh2 Kb1 69. Rh1+ c1Q 70. Rxc1+ Kxc1 71. Ke3 Kb2 72. Ke4 Kb3 73. Ke3 Kxa4 74. Ke4 Kb4 75. Ke3 a4 76. Ke4 a3 77. Ke3 a2 78. Ke4 a1Q 79. Kf3 Qe1 80. Kg2 Rf8 0-1

[Event "American Continental 18th"]
[Site "Medellin"]
[Date "2024.05.28"]
[Round "7"]
[White "Acosta Angulo, Mariana Valentina"]
[Black "Gonzalez Bolivar, Juan Jose"]
[Result "0-1"]
[WhiteElo "1747"]
[BlackElo "1883"]
[PlyCount "68"]
[EventDate "2024.05.24"]
[EventType "swiss"]
[EventRounds "11"]
[EventCountry "COL"]
[SourceTitle "CBM 220 Extra"]
[Source "ChessBase"]
[SourceDate "2024.07.31"]
[SourceVersion "1"]
[SourceVersionDate "2024.07.31"]
[SourceQuality "1"]

1. e4 e5 2. Nf3 Nc6 3. Bc4 Bc5 4. 0-0 Nf6 5. d3 d6 6. c3 h6 7. a4 a5 8. Bb3 0-0 9. h3 Be6 10. Bc2 d5 11. Nbd2 dxe4 12. dxe4 Qd7 13. Kh2 Rad8 14. Qe2 Kh8 15. Nh4 Qe7 16. Ndf3 g5 17. Nf5 Bxf5 18. exf5 e4 19. Nd2 Qe5+ 20. Kh1 Rfe8 21. Nc4 Qxf5 22. Be3 Bxe3 23. Nxe3 Qe6 24. f4 Rg8 25. f5 Qd6 26. Rad1 Qg3 27. Ng4 Nxg4 28. hxg4 Ne5 29. Qf2 Qxf2 30. Rxf2 Nxg4 31. Re2 Rxd1+ 32. Bxd1 Rd8 33. Bc2 e3 34. g3 Rd2 0-1